[Event "Barcelona Sant Marti op 11th"]
[Site "Barcelona"]
[Date "2024.01.18"]
[Round "2"]
[White "Maqueda Berdugo, Francisco"]
[Black "Bota Carbo, Jordi"]
[Result "1/2-1/2"]
[WhiteElo "1573"]
[BlackElo "1755"]
[PlyCount "79"]
[EventDate "2024.01.11"]
[EventType "swiss"]
[EventRounds "9"]
[EventCountry "ESP"]
[SourceTitle "CB11_2024"]
[SourceDate "2024.03.13"]
[SourceVersion "1"]
[SourceVersionDate "2024.03.13"]
[SourceQuality "1"]

1. e4 e5 2. Nf3 Nc6 3. d4 exd4 4. Nxd4 Nf6 5. Nxc6 bxc6 6. Bd3 d5 7. exd5 cxd5 8. 0-0 Be7 9. b3 0-0 10. Bb2 Ne4 11. Nd2 f5 12. Nxe4 fxe4 13. Bb5 Qd6 14. a4 c5 15. Qh5 Bb7 16. Be5 Qe6 17. Bb2 Bf6 18. Bxf6 Rxf6 19. Qd1 Kh8 20. Qd2 Raf8 21. Rad1 Rg6 22. Qc3 Qd6 23. Qh3 Bc8 24. Qe3 Rh6 25. Qg3 Qe6 26. Qc3 Qd6 27. Qg3 Qd8 28. Bc4 d4 29. h4 Rxh4 30. Qe5 Rf5 31. Qb8 Rfh5 32. f3 e3 33. g4 Rh6 34. b4 Qd7 35. Qf4 Rf6 36. Qg3 Rfh6 37. Qf4 Rh1+ 38. Kg2 R1h2+ 39. Kg1 Rh1+ 40. Kg2 1/2-1/2

[Event "Hospitalet de Llobregat op 4th"]
[Site "Hospitalet de Llobregat"]
[Date "2019.05.25"]
[Round "7"]
[White "Jose Iraeta, Alexandre"]
[Black "Maqueda Berdugo, Francisco"]
[Result "1/2-1/2"]
[WhiteElo "2167"]
[BlackElo "1731"]
[PlyCount "105"]
[EventDate "2019.04.06"]
[EventType "swiss"]
[EventRounds "9"]
[EventCountry "ESP"]
[SourceTitle "CBM 190 Extra"]
[Source "ChessBase"]
[SourceDate "2019.07.15"]
[SourceVersion "1"]
[SourceVersionDate "2019.07.15"]
[SourceQuality "1"]

1. d4 d5 2. Nf3 Nf6 3. e3 e6 4. Nbd2 Be7 5. Bd3 Nbd7 6. b3 c5 7. Bb2 cxd4 8. exd4 Qc7 9. 0-0 0-0 10. Ne5 Nxe5 11. dxe5 Nd7 12. f4 g6 13. c4 dxc4 14. Bxc4 b5 15. Be2 Bb7 16. Bf3 Rfc8 17. Ne4 Rab8 18. Kh1 Nb6 19. Rc1 Qd8 20. Qxd8+ Rxd8 21. Rfd1 Nd5 22. Nf6+ Bxf6 23. Bxd5 Bxd5 24. exf6 Rbc8 25. Rxc8 Rxc8 26. Rd2 h5 27. Kg1 Be4 28. Kf2 Rc2 29. Rxc2 Bxc2 30. b4 a6 31. Ke3 Kf8 32. Kd4 Ke8 33. Kc5 Kd7 34. Be5 Bd3 35. Kb6 Bc2 36. Kxa6 Kc6 37. Ka7 Kd7 38. Kb6 Ba4 39. Bd4 Kd6 40. Be5+ Kd7 41. Bb8 Ke8 42. Bd6 Kd7 43. Be7 e5 44. fxe5 Ke6 45. Kc6 Kxe5 46. g3 Ke6 47. Bd8 g5 48. a3 g4 49. Be7 Kf5 50. Kd6 Bc2 51. Bd8 Kg6 52. Ke7 Ba4 53. Kf8 1/2-1/2

[Event "Hospitalet de Llobregat op 4th"]
[Site "Hospitalet de Llobregat"]
[Date "2019.04.13"]
[Round "2"]
[White "Maqueda Berdugo, Francisco"]
[Black "Cervello Tost, Roger"]
[Result "1/2-1/2"]
[WhiteElo "1731"]
[BlackElo "2060"]
[PlyCount "93"]
[EventDate "2019.04.06"]
[EventType "swiss"]
[EventRounds "9"]
[EventCountry "ESP"]
[SourceTitle "CBM 190 Extra"]
[Source "ChessBase"]
[SourceDate "2019.07.15"]
[SourceVersion "1"]
[SourceVersionDate "2019.07.15"]
[SourceQuality "1"]

1. e4 e5 2. Nf3 Nc6 3. d4 exd4 4. Nxd4 Nf6 5. Nxc6 bxc6 6. Bd3 d5 7. exd5 cxd5 8. 0-0 Be7 9. Bb5+ Bd7 10. Bxd7+ Qxd7 11. b3 0-0 12. Bb2 Qf5 13. Qd3 Ne4 14. Nd2 Bc5 15. Nxe4 dxe4 16. Qc3 f6 17. Qc4+ Kh8 18. Rad1 Rad8 19. Rxd8 Rxd8 20. Qe2 Qf4 21. Bc1 Qe5 22. Be3 f5 23. Bxc5 Qxc5 24. Rd1 Rd4 25. g3 Qd6 26. Rxd4 Qxd4 27. Qb5 Qd1+ 28. Kg2 Qf3+ 29. Kg1 h5 30. Qb8+ Kh7 31. Qxc7 e3 32. fxe3 Qxe3+ 33. Kg2 h4 34. gxh4 f4 35. Qc4 f3+ 36. Kf1 Kh6 37. Qd3 Qf4 38. Qb5 Qxh4 39. Qc6+ Kh7 40. Qxf3 Qxh2 41. Qe4+ Kh6 42. Qe3+ g5 43. Qe6+ Kg7 44. Qe7+ Kg6 45. Qe6+ Kg7 46. Qe7+ Kg6 47. Qe6+ 1/2-1/2

[Event "Sabadell Coral Colon op 13th"]
[Site "Sabadell"]
[Date "2019.04.05"]
[Round "7"]
[White "Maqueda Berdugo, Francisco"]
[Black "Martinez Ferrer, Albert"]
[Result "0-1"]
[WhiteElo "1700"]
[BlackElo "1819"]
[PlyCount "96"]
[EventDate "2019.02.22"]
[EventType "swiss"]
[EventRounds "8"]
[EventCountry "ESP"]
[SourceTitle "CBM 190 Extra"]
[Source "ChessBase"]
[SourceDate "2019.07.15"]
[SourceVersion "1"]
[SourceVersionDate "2019.07.15"]
[SourceQuality "1"]

1. e4 e6 2. d4 d5 3. Nc3 c6 4. Nf3 Bd6 5. e5 Be7 6. Bd3 c5 7. 0-0 a6 8. dxc5 Bxc5 9. Ne2 b5 10. c3 Nc6 11. Ned4 Bb7 12. Nxc6 Bxc6 13. Nd4 Bb7 14. a3 h5 15. Qf3 Be7 16. Re1 Qd7 17. Qg3 Bf8 18. Bg5 Ne7 19. Re3 g6 20. Bf6 Rg8 21. f4 Bg7 22. Qg5 Bxf6 23. Qxf6 Nc6 24. Rg3 Qe7 25. Qxe7+ Kxe7 26. Nxc6+ Bxc6 27. Re3 Rac8 28. h4 Rgd8 29. Rc1 Bb7 30. Rce1 d4 31. cxd4 Rxd4 32. g3 Rcd8 33. Bf1 Rd2 34. R1e2 R2d4 35. Kf2 Bd5 36. Rc2 Rd7 37. Bg2 Bc4 38. Ke1 Rd1+ 39. Kf2 R1d2+ 40. Rxd2 Rxd2+ 41. Kg1 Rxb2 42. Rc3 Rb3 43. Rc1 Rxg3 44. Kf2 Rxa3 45. Rd1 Rd3 46. Rb1 Rb3 47. Rd1 a5 48. Bc6 Rd3 0-1

[Event "Montcada op-C 25th"]
[Site "Montcada"]
[Date "2017.06.28"]
[Round "3"]
[White "Maqueda Berdugo, Francisco"]
[Black "Cruz Jimenez, Miguel"]
[Result "1-0"]
[WhiteElo "1733"]
[BlackElo "1534"]
[PlyCount "29"]
[EventDate "2017.06.26"]
[EventType "swiss"]
[EventRounds "9"]
[EventCountry "ESP"]
[SourceTitle "EXT 2018"]
[Source "ChessBase"]
[SourceDate "2017.10.13"]
[SourceVersion "1"]
[SourceVersionDate "2017.10.13"]
[SourceQuality "1"]

1. e4 c5 2. Nf3 d6 3. d4 cxd4 4. Nxd4 Nc6 5. Nc3 Nf6 6. Be2 e5 7. Nb3 Be6 8. 0-0 Be7 9. f4 0-0 10. f5 Bxb3 11. axb3 a6 12. g4 b5 13. Nd5 Nxe4 14. Nxe7+ Qxe7 15. Qd5 1-0

[Event "Montcada op-C 25th"]
[Site "Montcada"]
[Date "2017.06.26"]
[Round "1"]
[White "Maqueda Berdugo, Francisco"]
[Black "Olleta Tanya, Jordi"]
[Result "1-0"]
[WhiteElo "1733"]
[BlackElo "1450"]
[PlyCount "63"]
[EventDate "2017.06.26"]
[EventType "swiss"]
[EventRounds "9"]
[EventCountry "ESP"]
[SourceTitle "EXT 2018"]
[Source "ChessBase"]
[SourceDate "2017.10.13"]
[SourceVersion "1"]
[SourceVersionDate "2017.10.13"]
[SourceQuality "1"]

1. e4 e6 2. d4 d5 3. Nc3 c5 4. exd5 exd5 5. dxc5 d4 6. Qe2+ Be6 7. Ne4 Be7 8. Bd2 Nc6 9. 0-0-0 Qd5 10. b3 Bxc5 11. Nxc5 Qxc5 12. Qb5 Qxb5 13. Bxb5 a6 14. Bd3 Nf6 15. Nf3 Nd5 16. Kb2 0-0-0 17. Ng5 Ne5 18. Be4 Bg4 19. f3 Bh5 20. g4 Bg6 21. Bxg6 fxg6 22. Ne6 Rd7 23. Nxd4 Rf8 24. Rhf1 Nf4 25. Rfe1 Ned3+ 26. cxd3 Nxd3+ 27. Kc3 Nxe1 28. Rxe1 b5 29. Re6 Kb7 30. Bg5 Rc8+ 31. Kd3 Rc1 32. Bxc1 1-0

[Event "Cornella Pinol Memorial 4th"]
[Site "Cornella de Llobregat"]
[Date "2016.09.26"]
[Round "1"]
[White "Barroso Martinez, Fernando"]
[Black "Maqueda Berdugo, Francisco"]
[Result "1-0"]
[WhiteElo "2161"]
[BlackElo "1774"]
[PlyCount "71"]
[EventDate "2016.09.26"]
[EventType "swiss"]
[EventRounds "9"]
[EventCountry "ESP"]
[SourceTitle "EXT 2018"]
[Source "ChessBase"]
[SourceDate "2017.10.13"]
[SourceVersion "1"]
[SourceVersionDate "2017.10.13"]
[SourceQuality "1"]

1. d4 d5 2. Nf3 Nf6 3. c4 e6 4. Nc3 Be7 5. Bf4 0-0 6. e3 Nbd7 7. Bd3 dxc4 8. Bxc4 Bb4 9. Qc2 Nd5 10. Bg5 N7f6 11. 0-0 Nxc3 12. bxc3 Be7 13. e4 h6 14. Bf4 c6 15. a4 b6 16. Rfe1 Bb7 17. Rad1 Qc8 18. h3 Re8 19. Bg3 Ba6 20. Ba2 Qb7 21. Bb1 Nh7 22. d5 exd5 23. exd5 Nf8 24. dxc6 Qxc6 25. Ne5 Qf6 26. Ba2 Ne6 27. Nxf7 Kxf7 28. Rxe6 Qxe6 29. Bxe6+ Kxe6 30. Qb3+ Kf6 31. Bd6 Bb7 32. a5 g5 33. axb6 Bxd6 34. Rxd6+ Ke5 35. Rxh6 Kf5 36. Qf7+ 1-0

[Event "Barcelona Sant Marti op-B 18th"]
[Site "Barcelona"]
[Date "2016.07.15"]
[Round "3.18"]
[White "Maqueda Berdugo, Francisco"]
[Black "Moreno Perez, Norberto"]
[Result "1-0"]
[WhiteElo "1696"]
[BlackElo "1886"]
[PlyCount "119"]
[EventDate "2016.07.13"]
[EventType "swiss"]
[EventRounds "9"]
[EventCountry "ESP"]
[SourceTitle "EXT 2024"]
[Source "ChessBase"]
[SourceDate "2023.10.10"]
[SourceVersion "1"]
[SourceVersionDate "2023.10.10"]
[SourceQuality "1"]

1. e4 e5 2. Nf3 d6 3. d4 exd4 4. Nxd4 Nf6 5. Nc3 Be7 6. Bc4 0-0 7. 0-0 Nbd7 8. Nf5 Ne5 9. Nxe7+ Qxe7 10. Bb3 c6 11. f4 Ng6 12. f5 Ne5 13. Bf4 b5 14. a3 a5 15. Bxe5 Qxe5 16. Qf3 Bb7 17. Qf4 b4 18. Qxe5 dxe5 19. Na4 Nxe4 20. Nb6 Rad8 21. axb4 axb4 22. Ra7 Bc8 23. Nxc8 Rxc8 24. Re1 Nd6 25. Rxe5 c5 26. Bd5 Rcd8 27. Rc7 c4 28. Bxc4 Ne8 29. Rb7 Rd1+ 30. Kf2 Rd2+ 31. Re2 Rd4 32. Rxb4 Rf4+ 33. Kg1 Rxf5 34. Rb8 Nd6 35. Rxf8+ Kxf8 36. Bb3 f6 37. Rf2 Ra5 38. Rd2 Ke7 39. Re2+ Kd7 40. Be6+ Kd8 41. Re3 Ra1+ 42. Kf2 f5 43. Bd5 Rd1 44. Rd3 Rh1 45. h3 Ke7 46. Re3+ Kd7 47. Re1 Rxe1 48. Kxe1 Ne8 49. Bf3 g5 50. Kd2 Kd6 51. Kd3 Nf6 52. c4 h5 53. b4 g4 54. hxg4 fxg4 55. Be4 h4 56. Bf5 Ke5 57. Bc8 Kf4 58. Ke2 Ke4 59. b5 Ne8 60. b6 1-0